000 00951nam a2200265Ia 4500
003 OSt
005 20221005105633.0
006 a|||||r|||| 00| 0
007 ta
008 221004b |||||||| |||| 00| 0 hin d
020 _a788181439673 (hbk)
_c350
024 _a8294
037 _b219, 28/11/2013, Eastern Book Linkers
_cTextual
040 _aCRL
_cCRL
_bhin
041 _2hin
_ahin
082 _aO152,3:gP1, P9
100 _aगुप्त, शंभु
245 0 _aकहानी
_b समकालीन चुनौतियांॅ
246 _aKahānī: samakālīn chunautiyāanॅ
260 _aनई दिल्ली
_bवाणी प्रकाशन भारत
_c2009
300 _a200पृ0
_ccm.
650 _aहिन्दी साहित्य
942 _hO152,3:gP1, P9
_cTEXL
_2cc
999 _c1016430
_d1016430